| 000 | 00341nam a2200109Ia 4500 | ||
|---|---|---|---|
| 008 | 180305s9999 xx 000 0 und d | ||
| 020 | _a890795878 | ||
| 100 | _aHarris, Sandra L. | ||
| 245 |
_cSandra L. Harris, Jan S. Handleman _aPreschool education programs for Children with Autism/ |
||
| 260 |
_aUSA _bPro-ed _c1994 |
||
| 300 | _aix, 252 Pages | ||
| 999 |
_c356076 _d356076 |
||